Coatlicue: estética del arte indigena antiguo

Saved in:
Bibliografiske detaljer
Hovedforfatter: Fernández, Justino (Author)
Format: Bog
Sprog:spansk
Udgivet: Ciudad de México Centro de Estudios Filosóficos 1954
Serier:Ediciones del IV Centenario de la Universidad Nacional, 15
Fag:
Tags: Tilføj Tag
Ingen Tags, Vær først til at tagge denne postø!

MARC

LEADER 00000nam a2200000 a 4500
001 UCO0147
003 CL-VaPUC
008 000420e19540000MX |||||||||||||||||spa|d
082 0 4 |a 709.1  |b FER  |2 21 
100 0 |a Fernández, Justino  |e author  |9 441214 
245 1 0 |a Coatlicue: estética del arte indigena antiguo 
300 |a 285 p 
942 |c BK 
945 |d 20000420 00:00:00  |a crobeson 
260 |a Ciudad de México  |b Centro de Estudios Filosóficos  |c 1954 
650 0 |a Arte indígena   |9 379770 
650 0 |a Arte precolombino  |9 330955 
650 0 |a Apreciación estética   |9 345969 
583 |a last modification  |c 20000420 00:00:00  |k Rodrigo Vera 
490 0 |a Ediciones del IV Centenario de la Universidad Nacional, 15 
999 |c 286865  |d 286863 
952 |0 0  |1 0  |4 0  |6 709_100000000000000_FER_1954  |7 0  |8 A  |9 333121  |a BIBHIS  |b BIBHIS  |d 2019-11-20  |i 1398881  |o 709.1 FER 1954  |p 1398881  |r 2025-01-20  |w 2019-11-20  |y BK  |k HIS